Encyclopedia of interpersonal violence

Gespeichert in:  
Bibliographische Detailangaben
Beteiligte: Renzetti, Claire M. 1957- (Herausgegeben von)
Medienart: Druck Buch
Sprache:Englisch
Veröffentlicht: Los Angeles [u.a.[ Sage 20XX-
In:Jahr: 2008
Verfügbarkeit prüfen: HBZ Gateway
Subito Bestelldienst: Jetzt bestellen.
Bände / Aufsätze:Bände / Aufsätze anzeigen.

MARC

LEADER 00000cam a2200000 ca4500
001 1350530743
003 DE-627
005 20251225184010.0
007 tu
008 080513n20uuuuuuxxk||||| 00| ||eng c
016 7 |a b848823  |2 UK 
020 |a 1412918006  |c (hbk.) : £245.00 hbk. : £245.00 : CIP entry (June)  |9 1-4129-1800-6 
020 |a 9781412918008  |9 978-1-4129-1800-8 
035 |a (DE-627)1350530743 
035 |a (DE-576)280530749 
035 |a (DE-599)BSZ280530749 
040 |a DE-627  |b ger  |c DE-627  |e rakwb 
041 |a eng 
044 |c XA-GB 
082 0 |a 303.603  |q SEPA 
084 |a 5,2  |2 ssgn 
190 |j 2008 
245 0 0 |a Encyclopedia of interpersonal violence  |c ed. by Claire M. Renzetti ... 
264 1 |a Los Angeles [u.a.[  |b Sage  |c 20XX- 
336 |a Text  |b txt  |2 rdacontent 
337 |a ohne Hilfsmittel zu benutzen  |b n  |2 rdamedia 
338 |a Band  |b nc  |2 rdacarrier 
700 1 |a Renzetti, Claire M.  |d 1957-  |e Hrsg.  |0 (DE-588)1028562802  |0 (DE-627)730927644  |0 (DE-576)165764252  |4 edt 
935 |a mkri 
951 |a MC 
ELC |b 1 
LOK |0 000 xxxxxcx a22 zn 4500 
LOK |0 001 2577562861 
LOK |0 003 DE-627 
LOK |0 004 1350530743 
LOK |0 005 20080908141017 
LOK |0 008 080731||||||||||||||||ger||||||| 
LOK |0 040   |a DE-Frei85  |c DE-627  |d DE-Frei85 
LOK |0 852   |a DE-Frei85 
LOK |0 852 1  |m p  |9 00 
LOK |0 938   |k p 
LOK |0 939   |a 31-07-08  |b l01 
ORI |a SA-MARC-krimdoka001.raw 
SPR |a 1  |t KRI